Welcome to WEB OPAC of MRSPTU Central Library

Mechanical measurements (Record no. 969)

MARC details
000 -LEADER
fixed length control field 00399nam a2200169Ia 4500
008 - FIXED-LENGTH DATA ELEMENTS--GENERAL INFORMATION
fixed length control field 230711s9999||||xx |||||||||||||| ||und||
041 ## - LANGUAGE CODE
Language code of text/sound track or separate title ENG
082 ## - DEWEY DECIMAL CLASSIFICATION NUMBER
Classification number 620
Item number BE-M
100 ## - MAIN ENTRY--PERSONAL NAME
Personal name Beckwith,Thomas G
245 #0 - TITLE STATEMENT
Title Mechanical measurements
250 ## - EDITION STATEMENT
Edition statement 5th Ed.
260 ## - PUBLICATION, DISTRIBUTION, ETC.
Date of publication, distribution, etc. 2005
Place of publication, distribution, etc. New Delhi
Name of publisher, distributor, etc. Pearson
300 ## - PHYSICAL DESCRIPTION
Extent 876
650 ## - SUBJECT ADDED ENTRY--TOPICAL TERM
Topical term or geographic name entry element Mechanical Engineering
700 ## - ADDED ENTRY--PERSONAL NAME
Personal name Marangoni,Roy D
942 ## - ADDED ENTRY ELEMENTS (KOHA)
Koha item type Book
Holdings
Withdrawn status Lost status Damaged status Not for loan Collection Home library Current library Date acquired Total checkouts Full call number Barcode Date last seen Price effective from Koha item type Date due Date last checked out
          MRSPTU Central Library MRSPTU Central Library     620 BE-M 4992 08/17/2023 08/17/2023 Book    
          MRSPTU Central Library MRSPTU Central Library     620 BE-M 4993 08/17/2023 08/17/2023 Book    
          MRSPTU Central Library MRSPTU Central Library   1 620 BE-M 4994 09/27/2023 08/17/2023 Book 09/27/2023 09/27/2023
          MRSPTU Central Library MRSPTU Central Library     620 BE-M 16050 08/17/2023 08/17/2023 Book    

Website Designed and Developed by MRSPTU Central Library Team

E-mail Id: librarian@mrsptu.ac.in